Colleges of every QB, RB, WR1, and TE from the 2025 NFL Season - Statistics

General Stats
  • This quiz has been taken 38 times
  • The average score is 93 of 128
Answer Stats
AFC North % Correct
Derrick Henry | Tua Tagovailoa Alabama
100%
Trevor Lawrence Clemson
100%
Shedeur Sanders Colorado
100%
Lamar Jackson Louisville
100%
Joe Burrow LSU
100%
CJ Stroud | Justin Fields Ohio State
100%
Bo Nix Oregon
100%
Patrick Mahomes Texas Tech
100%
Josh Allen Wyoming
100%
Ashton Jeanty Boise State
96%
Aaron Rodgers California
96%
Travis Kelce Cincinnati
96%
Travis Etienne Jr. Clemson
96%
Brock Bowers Georgia
96%
Cam Ward Miami
96%
Drake Maye North Carolina
96%
Justin Herbert Oregon
96%
Ladd McConkey Georgia
92%
Ja’Marr Chase LSU
92%
Bryce Young | Calvin Ridley Alabama
88%
Cam Skattebo Arizona State
88%
Jared Goff California
88%
Matthew Stafford Georgia
88%
Brian Thomas Jr. | Jayden Daniels | Justin Jefferson LSU
88%
JJ McCarthy Michigan
88%
Dak Prescott Mississippi State
88%
Marvin Harrison Jr. | Quinshon Judkins Ohio State
88%
Baker Mayfield | Jalen Hurts | Kyler Murray Oklahoma
88%
Saquon Barkley | Tyler Warren Penn State
88%
Bijan Robinson | Xavier Worthy Texas
88%
Caleb Williams | Sam Darnold USC
88%
Michael Penix Jr. Washington
88%
Geno Smith West Virginia
88%
Jahmyr Gibbs | Jerry Jeudy Alabama
85%
Tetairoa McMillan Arizona
85%
Kyle Pitts Florida
85%
Malik Nabers LSU
85%
Stefon Diggs Maryland
85%
Colston Loveland Michigan
85%
Garrett Wilson | Jaxon Smith-Njigba | TreVeyon Henderson Ohio State
85%
Jaxson Dart Ole Miss
85%
Jonathan Taylor Wisconsin
85%
Josh Jacobs Alabama
81%
George Kittle Iowa
81%
Brock Purdy Iowa State
81%
Chris Olave Ohio State
81%
CeeDee Lamb | Mark Andrews Oklahoma
81%
DK Metcalf Ole Miss
81%
Christian McCaffrey Stanford
81%
Alvin Kamara Tennessee
81%
Drake London | Michael Pittman Jr. USC
81%
Daniel Jones Duke
77%
James Cook Georgia
77%
Sam LaPorta | TJ Hockenson Iowa
77%
Breece Hall Iowa State
77%
Nico Collins Michigan
77%
Terry McLaurin Ohio State
77%
De’Von Achane | Mike Evans Texas A&M
77%
Amon-Ra St. Brown USC
77%
Zay Flowers Boston College
73%
Puka Nacua BYU
73%
Tyler Shough Louisville
73%
Mike Gesicki | Pat Freiermuth Penn State
73%
James Conner Pitt
73%
DJ Moore Maryland
69%
Kenneth Walker III Michigan State
69%
AJ Brown Ole Miss
69%
Jordan Love Utah State
69%
D’Andre Swift Georgia
65%
Bucky Irving Oregon
65%
Harold Fannin Jr. Bowling Green
62%
Javonte Williams North Carolina
62%
Evan Engram Ole Miss
62%
Khalil Shakir Boise State
58%
Mason Taylor LSU
58%
Jauan Jennings Tennessee
58%
Dalton Kincaid Utah
58%
Kyren Williams Notre Dame
54%
Isiah Pacheco Rutgers
54%
Courtland Sutton SMU
54%
RJ Harvey UCF
54%
Jacory Croskey-Merritt Arizona
50%
Chase Brown Illinois
50%
Brenton Strange Penn State
50%
Woody Marks USC
50%
Aaron Jones UTEP
50%
Tyreek Hill West Alabama
50%
Juwan Johnson | Theo Johnson Penn State
46%
Dallas Goedert South Dakota State
46%
Dalton Schultz Stanford
46%
Jake Ferguson Wisconsin
46%
Kenneth Gainwell | Tony Pollard Memphis
42%
AJ Barner Michigan
42%
Zach Ertz Stanford
42%
Cade Otton Washington
42%
Tre Tucker Cincinnati
38%
Chig Okonkwo Maryland
38%
Greg Dulcich UCLA
38%
Hunter Henry Arkansas
35%
Rico Dowdle South Carolina
35%
Tommy Tremble Notre Dame
31%
Oronde Gadsden II Syracuse
31%
Romeo Doubs Nevada
27%
Tucker Kraft South Dakota State
27%
Colby Parkinson Stanford
27%
Trey McBride Colorado State
23%
Kimani Vidal Troy
12%
No matching quizzes found
Score Distribution
Percent of People with Each Score
Percentile by Number Answered
Your Score History
You have not taken this quiz